| 000 | 00806nam a22002177a 4500 | ||
|---|---|---|---|
| 999 |
_c1504 _d1504 |
||
| 003 | AR-CdUCM | ||
| 008 | 190227b ||||| |||| 00| 0 spa d | ||
| 040 |
_aMUNICIPALIDAD PROVINCIAL DEL CUSCO _cBIBLIOTECA MUNICIPAL DEL CUSCO |
||
| 041 | _hrus | ||
| 082 |
_a321.1 / _bEN61 |
||
| 100 |
_aEngels, F. _95699 |
||
| 245 |
_aEl origen de la familia, la propiedad privada y el estado : _ben relación con las investigaciones de L. H. Morgan / |
||
| 260 |
_aMoscú : _bProgreso, _c1981. |
||
| 300 |
_a213 páginas ; _bretrato, _c21 cm. |
||
| 505 | _aContenido: Estadios Prehispánicos de cultura -- La familia -- La Gens Iroquesa -- La Gens Griega -- Génesis del Estado Ateniense ... | ||
| 650 |
_aFamilia _92366 |
||
| 650 |
_aPropiedad _9740 |
||
| 650 |
_aEstado _9738 |
||
| 942 |
_2ddc _cLIBROS |
||
| 945 | _aachl | ||